| 000 | 00688nam a22002057a 4500 | ||
|---|---|---|---|
| 005 | 20100814095927.0 | ||
| 010 | _aENG-100347 | ||
| 020 |
_a9788183140538 _c40.00 |
||
| 035 | _aEN-83879 | ||
| 037 | _bDBAD/PUB | ||
| 082 | _a270 | ||
| 100 |
_aNaik, Zakir _913022 |
||
| 245 |
_aAnswer to non-muslims' common questions about Islam / _cby Zakir Naik |
||
| 260 |
_aNew Delhi _bAl Hasant Books _c2008 |
||
| 270 |
_a3004/2, Sir Syed Ahmed Road, Darya Ganj _bNew Delhi _e110002 |
||
| 300 |
_a76p. _c20cm (pbk) |
||
| 650 |
_aIslam _913023 |
||
| 942 |
_2ddc _cEN _h270 _mNAI |
||
| 999 |
_c41773 _d41773 |
||